[Event "Belem op 1st"]
[Site "Belem"]
[Date "2024.04.14"]
[Round "6"]
[White "Vieira, Alexandre Letizio"]
[Black "De Souza Junior, Luiz Carlos Miranda"]
[Result "1/2-1/2"]
[WhiteElo "1685"]
[BlackElo "1846"]
[PlyCount "96"]
[EventDate "2024.04.13"]
[EventType "swiss"]
[EventRounds "6"]
[EventCountry "BRA"]
[SourceTitle "CB18_2024"]
[SourceDate "2024.05.01"]
[SourceVersion "1"]
[SourceVersionDate "2024.05.01"]
[SourceQuality "2"]

1. d4 Nf6 2. Bf4 b6 3. e3 Bb7 4. Nf3 d6 5. Bd3 Nbd7 6. c3 Nh5 7. Bg5 h6 8. Bh4 Qc8 9. 0-0 g5 10. Bg3 Nxg3 11. fxg3 Bg7 12. Nbd2 Nf6 13. a4 a5 14. b4 axb4 15. cxb4 Nd5 16. e4 Nxb4 17. Qb3 Nxd3 18. Qxd3 Ba6 19. Nc4 0-0 20. Rac1 Qd7 21. Qb3 g4 22. Nh4 Bxd4+ 23. Kh1 Bb7 24. Ng6 Qxa4 25. Nxe7+ Kh8 26. Qd3 Bg7 27. Nf5 Rae8 28. Nxg7 Kxg7 29. Qc3+ f6 30. e5 dxe5 31. Ne3 c5 32. Nf5+ Kg6 33. Nh4+ Kg7 34. Nf5+ Kh8 35. Qd2 Rf7 36. Qxh6+ Kg8 37. Qg6+ Kf8 38. Nd6 Bxg2+ 39. Kxg2 Qc6+ 40. Ne4 Re6 41. Qf5 c4 42. Kg1 Qd7 43. Rcd1 Qe7 44. Qxg4 Rc6 45. Ra1 Qe6 46. Ra8+ Ke7 47. Qg8 Qd7 48. Qg6 c3 1/2-1/2

[Event "Belem op 1st"]
[Site "Belem"]
[Date "2024.04.13"]
[Round "3"]
[White "Pessoa, Marcio de Souza"]
[Black "Vieira, Alexandre Letizio"]
[Result "1/2-1/2"]
[WhiteElo "1785"]
[BlackElo "1685"]
[PlyCount "42"]
[EventDate "2024.04.13"]
[EventType "swiss"]
[EventRounds "6"]
[EventCountry "BRA"]
[SourceTitle "CB18_2024"]
[SourceDate "2024.05.01"]
[SourceVersion "1"]
[SourceVersionDate "2024.05.01"]
[SourceQuality "2"]

1. e4 c5 2. Nf3 g6 3. Bc4 Bg7 4. c3 Nc6 5. 0-0 e6 6. Re1 Nge7 7. d4 cxd4 8. cxd4 0-0 9. Nc3 d5 10. exd5 exd5 11. Bb3 h6 12. h3 Be6 13. Bf4 a6 14. Qd2 Kh7 15. Bc2 Be5 16. Rad1 Bxf4 17. Qxf4 Rc8 18. Qd2 f5 19. Ne5 Nxe5 20. dxe5 g5 21. Bd3 Qa5 1/2-1/2

[Event "Belem op 1st"]
[Site "Belem"]
[Date "2024.04.13"]
[Round "2"]
[White "Vieira, Alexandre Letizio"]
[Black "Amorim, Genaro Jose Melo De"]
[Result "1-0"]
[WhiteElo "1685"]
[BlackElo "1894"]
[PlyCount "51"]
[EventDate "2024.04.13"]
[EventType "swiss"]
[EventRounds "6"]
[EventCountry "BRA"]
[SourceTitle "CB18_2024"]
[SourceDate "2024.05.01"]
[SourceVersion "1"]
[SourceVersionDate "2024.05.01"]
[SourceQuality "2"]

1. d4 Nf6 2. Bf4 g6 3. c3 Bg7 4. Nf3 0-0 5. Nbd2 d6 6. h3 Nbd7 7. e3 Re8 8. Bc4 Nb6 9. Bb3 Bf5 10. 0-0 a5 11. a4 h6 12. Re1 Ne4 13. Nc4 Nxc4 14. Bxc4 Nf6 15. Nh4 d5 16. Nxf5 gxf5 17. Bb3 e6 18. Qf3 c6 19. Be5 Ne4 20. Bxg7 Kxg7 21. g4 Ng5 22. Qg3 f4 23. exf4 Qf6 24. h4 Ne4 25. Bc4 dxc4 26. Qg2 1-0

[Event "Sao Paulo Pascoa op"]
[Site "Sao Paulo"]
[Date "2024.03.29"]
[Round "2"]
[White "Vieira, Alexandre Letizio"]
[Black "Braga, Kaio Santos"]
[Result "1-0"]
[WhiteElo "1792"]
[BlackElo "1624"]
[PlyCount "101"]
[EventDate "2024.03.29"]
[EventType "swiss"]
[EventRounds "6"]
[EventCountry "BRA"]
[SourceTitle "CB14_2024"]
[SourceDate "2024.04.01"]
[SourceVersion "1"]
[SourceVersionDate "2024.04.01"]
[SourceQuality "1"]

1. Nf3 d5 2. b3 Nf6 3. Bb2 c5 4. e3 Bf5 5. Bb5+ Nbd7 6. 0-0 a6 7. Be2 e6 8. c4 Be7 9. d3 0-0 10. Nbd2 h6 11. h3 Re8 12. Re1 Qa5 13. a3 Rad8 14. Qc1 Bh7 15. Bc3 Qc7 16. Qb2 b5 17. Rac1 b4 18. axb4 cxb4 19. Bd4 dxc4 20. Nxc4 Qb7 21. Red1 Rc8 22. Nfe5 Nxe5 23. Bxe5 Bf8 24. Nd6 Bxd6 25. Bxd6 Nd5 26. Bf3 Qd7 27. Bxd5 Qxd6 28. Bc4 Rc5 29. Qe2 e5 30. d4 exd4 31. Rxd4 Qxd4 32. exd4 Rxe2 33. dxc5 Re7 34. Bxa6 Rc7 35. f3 Kf8 36. Bb5 Bf5 37. Kf2 Be6 38. Ba4 Ke7 39. Ke3 Bd7 40. Kd4 Bxa4 41. bxa4 Ra7 42. c6 Kd6 43. c7 Rxc7 44. Rxc7 Kxc7 45. Kc4 Kb6 46. Kxb4 h5 47. h4 f6 48. f4 g6 49. g3 f5 50. Kc4 Ka5 51. Kd5 1-0

[Event "Montevideo Duchamp Cup 7th"]
[Site "Montevideo"]
[Date "2024.02.08"]
[Round "8"]
[White "Vieira, Alexandre Letizio"]
[Black "Diaz Delograsi, Francisco"]
[Result "1-0"]
[WhiteElo "1685"]
[BlackElo "1502"]
[PlyCount "106"]
[EventDate "2024.02.01"]
[EventType "swiss"]
[EventRounds "9"]
[EventCountry "URU"]
[SourceTitle "CB07_2024"]
[SourceDate "2024.02.14"]
[SourceVersion "1"]
[SourceVersionDate "2024.02.14"]
[SourceQuality "1"]

1. d4 Nf6 2. Nf3 d5 3. c4 e6 4. g3 Be7 5. Bg2 c6 6. cxd5 cxd5 7. 0-0 0-0 8. Nc3 Nc6 9. a3 a6 10. Bg5 b5 11. Rc1 Bb7 12. b4 Qb6 13. Bxf6 Bxf6 14. e3 Rfc8 15. Qb3 Ne7 16. Rc2 Rc4 17. Nd2 Rc7 18. Rfc1 Rac8 19. Ne2 e5 20. Nf3 exd4 21. Nfxd4 Rc4 22. Bh3 Rd8 23. Bf1 Nc6 24. Nxc6 Qxc6 25. Bg2 Qb6 26. Rd1 Rxc2 27. Qxc2 Rd7 28. h4 h5 29. Nd4 Rc7 30. Qb3 Rc4 31. Ne2 d4 32. Bxb7 Qxb7 33. Nxd4 Qd7 34. Qd3 Bxd4 35. exd4 Qd5 36. Qe3 Rc6 37. Qd3 g6 38. Re1 Kg7 39. Qe4 Qxe4 40. Rxe4 Rc2 41. Re3 Rc4 42. Rd3 Rc6 43. f4 Kf6 44. Kf2 Rc2+ 45. Kf3 Rc6 46. d5 Rd6 47. Ke4 Ke7 48. Rc3 Kd7 49. Rc5 f6 50. f5 g5 51. hxg5 fxg5 52. Ke5 h4 53. gxh4 gxh4 1-0

[Event "Montevideo Duchamp Cup 7th"]
[Site "Montevideo"]
[Date "2024.02.02"]
[Round "2"]
[White "Vieira, Alexandre Letizio"]
[Black "Lopez, Bryan"]
[Result "1/2-1/2"]
[WhiteElo "1685"]
[BlackElo "1354"]
[PlyCount "98"]
[EventDate "2024.02.01"]
[EventType "swiss"]
[EventRounds "9"]
[EventCountry "URU"]
[SourceTitle "CB07_2024"]
[SourceDate "2024.02.14"]
[SourceVersion "1"]
[SourceVersionDate "2024.02.14"]
[SourceQuality "1"]

1. d4 Nf6 2. Bf4 d5 3. Nc3 e6 4. e3 Bd6 5. Bg5 Nbd7 6. Nb5 Be7 7. Bf4 Bb4+ 8. c3 Ba5 9. Bd3 a6 10. Na3 c6 11. Nf3 Bc7 12. Bg5 h6 13. Bh4 0-0 14. 0-0 e5 15. dxe5 Nxe5 16. Nxe5 Bxe5 17. h3 b5 18. Nc2 c5 19. f4 Bd6 20. e4 dxe4 21. Bxe4 Ra7 22. Qf3 Be7 23. Rad1 Qb6 24. Bxf6 Bxf6 25. Ne3 Bb7 26. Bxb7 Qxb7 27. Qxb7 Rxb7 28. Ng4 Be7 29. Ne5 Rd8 30. Rxd8+ Bxd8 31. Rd1 Bb6 32. Kf2 f6 33. Nf3 Kf7 34. g4 g5 35. f5 Ke7 36. Re1+ Kf7 37. Re6 a5 38. Nd2 Bd8 39. Ne4 Be7 40. Nd6+ Bxd6 41. Rxd6 Ke7 42. Re6+ Kf7 43. Rc6 c4 44. Ke3 Rd7 45. Rb6 Rd5 46. Ke4 Re5+ 47. Kd4 a4 48. Rb7+ Kg8 49. a3 h5 1/2-1/2

[Event "Joao Pessoa op"]
[Site "Joao Pessoa"]
[Date "2023.03.17"]
[Round "2"]
[White "Vieira, Alexandre Letizio"]
[Black "De Lima, Alan Silva"]
[Result "1-0"]
[WhiteElo "1681"]
[BlackElo "1915"]
[PlyCount "68"]
[EventDate "2023.03.17"]
[EventType "swiss"]
[EventRounds "6"]
[EventCountry "BRA"]
[SourceTitle "EXT 2024"]
[Source "ChessBase"]
[SourceDate "2023.10.10"]
[SourceVersion "1"]
[SourceVersionDate "2023.10.10"]
[SourceQuality "1"]

1. d4 d6 2. Bf4 Nf6 3. e3 c5 4. c3 cxd4 5. exd4 e6 6. Nf3 Be7 7. Nbd2 Nbd7 8. Be2 0-0 9. 0-0 Re8 10. h3 a6 11. a4 Nf8 12. Re1 b6 13. Qb3 Bb7 14. Rad1 Rb8 15. Bh2 Qd7 16. Bd3 Bc6 17. Ra1 Qb7 18. Re2 Ng6 19. Rae1 Nd5 20. Bxg6 hxg6 21. Ne4 Qd7 22. Ra1 Nf6 23. Nfd2 Rb7 24. Nxf6+ gxf6 25. Nf1 b5 26. a5 Kh7 27. Ne3 Qc8 28. d5 Bd7 29. Qb4 e5 30. f4 Qc7 31. Ree1 f5 32. Rad1 e4 33. Nc2 Bf6 34. Bg3 Bd8 1-0

[Event "Pan American-ch Seniors 50"]
[Site "Florianopolis"]
[Date "2022.06.25"]
[Round "7"]
[White "Urquiza, Marcello de Albuque"]
[Black "Vieira, Alexandre Letizio"]
[Result "1-0"]
[WhiteElo "2028"]
[BlackElo "1698"]
[PlyCount "89"]
[EventDate "2022.06.21"]
[EventType "swiss"]
[EventRounds "9"]
[EventCountry "BRA"]
[SourceTitle "CBM 209 Extra"]
[Source "ChessBase"]
[SourceDate "2022.09.30"]
[SourceVersion "1"]
[SourceVersionDate "2022.09.30"]
[SourceQuality "1"]

1. e4 c5 2. Nf3 Nc6 3. Bb5 g6 4. 0-0 Bg7 5. Re1 a6 6. Bxc6 bxc6 7. e5 e6 8. Nc3 d5 9. exd6 Qxd6 10. Ne4 Qd5 11. d3 Ne7 12. Bg5 h6 13. Bf6 Kf8 14. c4 Qd8 15. Bxg7+ Kxg7 16. Nxc5 Qb6 17. Na4 Qa5 18. a3 Rd8 19. b4 Qc7 20. Nc5 Nf5 21. Qc2 Re8 22. Re2 a5 23. Rae1 axb4 24. axb4 g5 25. Qb2+ f6 26. Nxe6+ Bxe6 27. Rxe6 Rxe6 28. Rxe6 Rf8 29. Nd4 Nxd4 30. Qxd4 Rf7 31. h3 Qb8 32. Qc5 Qf4 33. Re7 Qc1+ 34. Kh2 Qb2 35. Rxf7+ Kxf7 36. Qf5 Qxb4 37. Qd7+ Kg6 38. Qxc6 Qd2 39. Qe4+ Kg7 40. Qe3 Qc3 41. g4 Kf7 42. Qe4 Qb2 43. Kg2 Qc3 44. Qd5+ Kg7 45. c5 1-0

[Event "BRA-ch U2000 Amateurs"]
[Site "Sao Paulo"]
[Date "2022.06.17"]
[Round "3"]
[White "Da Silva, Diogo Viana"]
[Black "Vieira, Alexandre Letizio"]
[Result "1-0"]
[WhiteElo "1852"]
[BlackElo "1698"]
[PlyCount "65"]
[EventDate "2022.06.16"]
[EventType "swiss"]
[EventRounds "7"]
[EventCountry "BRA"]
[SourceTitle "CBM 208 Extra"]
[Source "ChessBase"]
[SourceDate "2022.07.31"]
[SourceVersion "1"]
[SourceVersionDate "2022.07.31"]
[SourceQuality "1"]

1. d4 d5 2. c4 e6 3. g3 Nf6 4. Nf3 Be7 5. Bg2 dxc4 6. 0-0 0-0 7. Qc2 Nbd7 8. Qxc4 c5 9. Rd1 a6 10. a4 Nb6 11. Qc2 cxd4 12. Nxd4 Nbd5 13. Nd2 Bd7 14. e4 Nb4 15. Qb3 Qe8 16. Nc4 Bc5 17. Bg5 Rc8 18. Ne5 Bxd4 19. Nxd7 Nxd7 20. Qxb4 e5 21. Bh3 Rc2 22. Rd2 Rxd2 23. Bxd2 Nc5 24. Be3 Bxe3 25. fxe3 Qc6 26. Rc1 Nd3 27. Rxc6 Nxb4 28. Rb6 Nc2 29. Kf2 g6 30. Rxb7 Rd8 31. Ke2 Rd6 32. a5 Kg7 33. Rb6 1-0

[Event "BRA-ch U2000 Amateurs"]
[Site "Sao Paulo"]
[Date "2022.06.16"]
[Round "1"]
[White "De Souza Monteiro, Marcos Paulo"]
[Black "Vieira, Alexandre Letizio"]
[Result "1/2-1/2"]
[WhiteElo "1913"]
[BlackElo "1698"]
[PlyCount "96"]
[EventDate "2022.06.16"]
[EventType "swiss"]
[EventRounds "7"]
[EventCountry "BRA"]
[SourceTitle "CBM 208 Extra"]
[Source "ChessBase"]
[SourceDate "2022.07.31"]
[SourceVersion "1"]
[SourceVersionDate "2022.07.31"]
[SourceQuality "1"]

1. d4 d5 2. c4 e6 3. Nc3 Nf6 4. cxd5 exd5 5. Bg5 c6 6. e3 Be7 7. Bd3 Nbd7 8. Nge2 h6 9. Bh4 Ne4 10. Bxe7 Nxc3 11. bxc3 Qxe7 12. 0-0 0-0 13. c4 dxc4 14. Bxc4 Nf6 15. Nf4 b6 16. Ng6 Qb4 17. Qb3 Qxb3 18. Bxb3 Re8 19. Ne5 Be6 20. Nxc6 Bxb3 21. axb3 a5 22. Rfc1 Nd7 23. Ra4 f6 24. Kf1 Kf7 25. b4 axb4 26. Rxa8 Rxa8 27. Nxb4 Ra4 28. Nd5 Ra5 29. e4 f5 30. f3 fxe4 31. fxe4 Ra4 32. Rc7 Ke6 33. Rxd7 Ra1+ 34. Ke2 Kxd7 35. Nxb6+ Kc6 36. Nc4 Ra2+ 37. Kf3 Ra4 38. Ne5+ Kd6 39. Ke3 Ra2 40. Nc4+ Ke7 41. Nd2 Ra3+ 42. Kf4 Ra2 43. Ke3 Ra3+ 44. Kf2 Ra2 45. Ke2 Ke6 46. g4 g5 47. Ke3 Ra3+ 48. Ke2 Ra2 1/2-1/2

[Event "Pan American-ch U2000"]
[Site "Timbo"]
[Date "2021.12.04"]
[Round "7"]
[White "Vieira, Alexandre Letizio"]
[Black "Cordioli, Jairo Ribeiro"]
[Result "1-0"]
[WhiteElo "1713"]
[BlackElo "1726"]
[PlyCount "91"]
[EventDate "2021.12.01"]
[EventType "swiss"]
[EventRounds "9"]
[EventCountry "BRA"]
[SourceTitle "CBM 205 Extra"]
[Source "ChessBase"]
[SourceDate "2022.01.31"]
[SourceVersion "1"]
[SourceVersionDate "2022.01.31"]
[SourceQuality "1"]

1. d4 d5 2. Bf4 e6 3. e3 Bd6 4. Bg3 Nf6 5. Nf3 0-0 6. c3 c5 7. Bd3 Nc6 8. Nbd2 Qe7 9. Ne5 Nd7 10. Nxc6 bxc6 11. Nf3 cxd4 12. exd4 e5 13. dxe5 f6 14. Qc2 Bxe5 15. Bxh7+ Kh8 16. 0-0-0 g5 17. Bf5 Nc5 18. Rhe1 Bxf5 19. Qxf5 Qd7 20. Qxd7 Nxd7 21. Nxe5 fxe5 22. Bxe5+ Nxe5 23. Rxe5 Rxf2 24. Rxg5 Rb8 25. Rd2 Rf7 26. Rh5+ Rh7 27. Rxh7+ Kxh7 28. Re2 a5 29. Re7+ Kg6 30. Re6+ Kf5 31. Rxc6 Rh8 32. h3 Rg8 33. g4+ Ke4 34. Ra6 Rh8 35. Rxa5 Rxh3 36. a4 d4 37. cxd4 Kxd4 38. Rh5 Rg3 39. g5 Rg4 40. Kc2 Rg1 41. Kd2 Ra1 42. g6 Rg1 43. Rh6 Kd5 44. Ke2 Kd6 45. Kf2 Ra1 46. g7+ 1-0

[Event "Pan American-ch U2000"]
[Site "Timbo"]
[Date "2021.12.01"]
[Round "2"]
[White "Vieira, Alexandre Letizio"]
[Black "Jenidarchiche, Douglas Rodrigo"]
[Result "0-1"]
[WhiteElo "1713"]
[BlackElo "1816"]
[PlyCount "122"]
[EventDate "2021.12.01"]
[EventType "swiss"]
[EventRounds "9"]
[EventCountry "BRA"]
[SourceTitle "CBM 205 Extra"]
[Source "ChessBase"]
[SourceDate "2022.01.31"]
[SourceVersion "1"]
[SourceVersionDate "2022.01.31"]
[SourceQuality "1"]

1. d4 Nf6 2. Bf4 c5 3. e3 Qb6 4. Nc3 d6 5. dxc5 Qxc5 6. Nf3 g6 7. Qd4 Qa5 8. Bxd6 Nc6 9. Bb5 Qxb5 10. Nxb5 Nxd4 11. Nfxd4 exd6 12. Nc7+ Kd7 13. Nxa8 b6 14. 0-0 Bb7 15. Nxb6+ axb6 16. Rfd1 Be7 17. a4 Ra8 18. Nb5 Ne4 19. f3 Nc5 20. b3 f5 21. Rd2 Bc6 22. Nd4 Bg5 23. Kf2 Re8 24. Re2 Bf6 25. Rd1 Bb7 26. Nb5 Re6 27. Nd4 Re8 28. g3 Ba6 29. Red2 Bg5 30. Re1 Kc7 31. h4 Bf6 32. Ra1 Ne6 33. a5 Nxd4 34. axb6+ Kxb6 35. exd4 f4 36. c4 Bb7 37. Ra4 Re3 38. Rb4+ Kc7 39. gxf4 Rxf3+ 40. Ke2 Rxf4 41. c5 dxc5 42. Rc2 Bxd4 43. Rxc5+ Kd6 44. Rxb7 Kxc5 45. Rxh7 Rf2+ 46. Kd3 Rf3+ 47. Kc2 Rc3+ 48. Kd2 Rxb3 49. Kc2 Rh3 50. Kd2 Kd5 51. Rd7+ Ke4 52. Re7+ Be5 53. Rh7 Kf4 54. h5 gxh5 55. Ke2 Kg4 56. Kf2 Rh2+ 57. Kg1 Rc2 58. Rh6 h4 59. Rg6+ Kf3 60. Kh1 h3 61. Rg1 Rh2# 0-1

[Event "Sao Paulo Hebraica op 27th"]
[Site "Sao Paulo"]
[Date "2020.01.12"]
[Round "6"]
[White "Vieira, Alexandre Letizio"]
[Black "Hirota da Silva, Nilton Jose"]
[Result "1/2-1/2"]
[WhiteElo "1704"]
[BlackElo "1880"]
[PlyCount "164"]
[EventDate "2020.01.10"]
[EventType "swiss"]
[EventRounds "6"]
[EventCountry "BRA"]
[SourceTitle "CBM 194 Extra"]
[Source "ChessBase"]
[SourceDate "2020.03.31"]
[SourceVersion "1"]
[SourceVersionDate "2020.03.31"]
[SourceQuality "1"]

1. Nf3 c6 2. g3 d5 3. Bg2 Bg4 4. 0-0 Nd7 5. d4 e6 6. Nbd2 Ngf6 7. c4 Bd6 8. b3 0-0 9. Bb2 Rc8 10. Rc1 Re8 11. Ne5 Bh5 12. c5 Bb8 13. b4 Bc7 14. a4 Ra8 15. Ndf3 Bxf3 16. Nxf3 a6 17. h3 Ne4 18. Nd2 f5 19. Nf3 Rf8 20. e3 Rf6 21. Ne5 Rh6 22. Rc2 Qe7 23. Bxe4 Nxe5 24. dxe5 fxe4 25. Kg2 Qg5 26. f4 Qg6 27. Qg4 Qf5 28. Bd4 Rg6 29. Qxf5 exf5 30. Rb2 h5 31. h4 Kf8 32. Rfb1 Ke8 33. b5 Kd7 34. b6 Bd8 35. Kh3 Ke6 36. Rg2 Be7 37. Rbg1 Rg4 38. a5 Rh8 39. Bc3 Bxc5 40. Re2 Rh6 41. Rgg2 Rhg6 42. Re1 Be7 43. Ree2 Kd7 44. Rd2 Ke6 45. Rde2 Rh6 46. Rc2 Rh8 47. Bd4 Rc8 48. Bc5 Bxc5 49. Rxc5 Rg6 50. Rgc2 Kd7 51. Rd2 Re6 52. Kg2 Ree8 53. Rd4 Ke6 54. Kf2 Rcd8 55. Kg2 Rh8 56. Rc1 Rc8 57. Rc5 Rcd8 58. Kh3 Rh7 59. Rc1 Rh6 60. Rc5 Rg6 61. Rc1 Rc8 62. Rc5 Rh8 63. Rd1 Rg4 64. Rdc1 Rd8 65. Rd1 g5 66. fxg5 Kxe5 67. Kg2 Kd6 68. Rdc1 Rf8 69. Kh3 Rd8 70. Kg2 Ke6 71. Rd1 d4 72. exd4 Rd5 73. Kf2 e3+ 74. Kxe3 Re4+ 75. Kf3 Rexd4 76. Rxd5 Rxd5 77. Rxd5 Kxd5 78. Ke3 Kd6 79. Kd4 Ke6 80. Ke3 Kd5 81. Kd3 Kd6 82. Kd4 Ke6 1/2-1/2

[Event "Sao Paulo op-B U2050 8th"]
[Site "Sao Paulo"]
[Date "2019.10.20"]
[Round "5"]
[White "De Souza, Cristiano Gomes"]
[Black "Vieira, Alexandre Letizio"]
[Result "1-0"]
[WhiteElo "2037"]
[BlackElo "1716"]
[PlyCount "57"]
[EventDate "2019.10.17"]
[EventType "swiss"]
[EventRounds "6"]
[EventCountry "BRA"]
[SourceTitle "CBM 192 Extra"]
[Source "Chessbase"]
[SourceDate "2019.11.06"]
[SourceVersion "1"]
[SourceVersionDate "2019.11.06"]
[SourceQuality "1"]

1. d4 b6 2. Nf3 Bb7 3. g3 d6 4. Bg2 Nd7 5. c4 e6 6. Nc3 g6 7. 0-0 Bg7 8. e4 Ne7 9. Be3 h6 10. Rc1 a6 11. d5 e5 12. b4 0-0 13. c5 Nf6 14. Nd2 bxc5 15. bxc5 Bc8 16. Nc4 Ng4 17. cxd6 cxd6 18. Bb6 Qd7 19. Qa4 f5 20. Qxd7 Bxd7 21. Nxd6 Rf6 22. Bc5 Nc8 23. Nc4 Bb5 24. Nxb5 axb5 25. Na3 Raa6 26. Nxb5 Rxa2 27. d6 Nxd6 28. Nxd6 Rd2 29. exf5 1-0

[Event "BRA-ch Seniors 50+"]
[Site "Sao Paulo"]
[Date "2019.10.13"]
[Round "4"]
[White "Arruda Filho, Ivo Pereira de"]
[Black "Vieira, Alexandre Letizio"]
[Result "0-1"]
[WhiteElo "1733"]
[BlackElo "1716"]
[PlyCount "100"]
[EventDate "2019.10.11"]
[EventType "swiss"]
[EventRounds "5"]
[EventCountry "BRA"]
[SourceTitle "CBM 193 Extra"]
[Source "ChessBase"]
[SourceDate "2020.01.31"]
[SourceVersion "1"]
[SourceVersionDate "2020.01.31"]
[SourceQuality "1"]

1. Nf3 b6 2. d4 Bb7 3. Nbd2 e6 4. e4 g6 5. Bd3 Bg7 6. 0-0 Ne7 7. Re1 d6 8. c3 Nd7 9. Nf1 a6 10. Bf4 h6 11. Qb3 0-0 12. Ng3 d5 13. e5 c5 14. Qd1 cxd4 15. cxd4 Rc8 16. Qe2 a5 17. Rac1 Nb8 18. Rxc8 Qxc8 19. Rc1 Qd7 20. Bb5 Bc6 21. Bd3 Rc8 22. Qd2 g5 23. Be3 Bb7 24. Nh5 Rxc1+ 25. Qxc1 Qe8 26. Qd2 Nf5 27. g4 Nxe3 28. Qxe3 Ba6 29. Bxa6 Nxa6 30. Qd2 Nb4 31. a3 Na2 32. Kg2 Qc8 33. Qe2 Qc4 34. Qe3 Nc1 35. Nxg5 Ne2 36. Nf3 Qc2 37. g5 hxg5 38. Nxg5 Bh6 39. Nf6+ Kg7 40. Ng4 Bxg5 41. Qxg5+ Qg6 42. Qf6+ Qxf6 43. Nxf6 Nxd4 44. Nd7 b5 45. f4 Kg6 46. Kg3 Kf5 47. Nf6 Ne2+ 48. Kf3 Nxf4 49. Ng8 Ng6 50. Kg3 Nxe5 0-1